Cantões da Suíça - Statistics

Estatísticas Gerais
  • Esse quiz foi jogado 247 vezes
  • A pontuação média é 14 de 26
Respostas no mapa
Respostas codificadas por cores de uma escala verde-vermelha no mapa do quiz de acordo com a % correta abaixo.
 
Estatísticas das Respostas
Cantão % Correto
Berna
96%
Zurique
91%
Genebra
90%
Basileia-Cidade
77%
Tessino
67%
Lucerna
65%
Friburgo
61%
São Galo
59%
Vaud
57%
Jura
55%
Schaffhausen
55%
Argóvia
54%
Valais
54%
Uri
51%
Neuchâtel
50%
Grisões
49%
Appenzell Interior
43%
Appenzell Exterior
41%
Obwald
41%
Zugo
41%
Nidwald
39%
Schwyz
38%
Turgóvia
38%
Basileia-Campo
37%
Soleura
27%
Glarus
26%
Nenhum quiz correspondente encontrado
Distribuição das Pontuações
Porcentagem de Pessoas com Cada Pontuação
Percentil de Números Respondidos
Sua Pontuação Histórica
Você não jogou esse quiz